000 01443nam0a2200313 4500
001 RU\NLR\BIBL_A\022269665
005 20250625181447.0
035 _a(NLR Aleph) 022269665
090 _a12348740
_c12348740
100 _a20240626d1952 |||y0rusy50 ca
101 0 _aukr
102 _aRU
105 _ay gc 001yy
181 0 _ai
_baxxe
182 0 _an
200 1 _aМiжнародний жiночий день - 8 березня
_eпокажчик рекомендованоï лiтератури
_f[Академiя наук Украïнськоï РСР], Державна публiчна бiблiотека Украïнськоï РСР, Бiблiографiчний вiддiл
_g[склала: С. Боревська]
203 _aТекст
_bвизуальный
_cнепосредственный
210 _aКиïв
_c[б. и.]
_d1952
215 _a53, [1] л.
_d29
309 _aНапеч. на пиш. маш.; текст на одной стороне листа. Склограф
320 _aIмен. покажчик: л. 52-53
702 1 _aБоревська
_bС.
_4220
712 0 2 _4570
_7ca
_8ukr
_aДержавна публiчна бiблiотека УРСР
_bБiблiографiчний вiддiл
_cКиïв
_9884486
_3RU\NLR\AUTH\880612635
852 _aNLR
_jс461-660/М-58
942 _cBOOK
980 _aNB